000 nam a22 a 4500
999 _c139802
_d139802
003 BLK
005 20210205081948.0
008 180409b bul|||||r ||||||| ||bul||
010 _aKNG00145852000
040 _aBLK
041 _aBUL
_cBUL
080 _aБългарска литература
_b821.163.2
_x-93-34
_z821.163.2-93-34
100 1 _aГундов, Димитър Стефанов
_eпърви автор
_9376062
139 _aГундов, Димитър Стефанов
_bГ 92
245 1 0 _aДвете мишлета
_bПриказка в стихове
_cДимитър Стефанов Гундов; худож. Никола Мирчев.
257 _aBGR
260 _bНар. култура
_c1961
_aСофия
300 _a20 с.
_bс ил.
_c28 см
380 _aDX
500 _a50 080 тир.
653 _aлитература за деца
653 _aдетска литература
700 1 _aМирчев, Никола
_eхудож.
_9379323
852 _aЦб ІІ 18165
856 4 _qpdf
856 4 _qpdf
942 _cKNG
_n0
_s1
944 _aCR
_c15.07.2013
_l15.07.2013 - от С1,Р / 15.07.2013
_kИрена_Линкова
944 _aED
_c22.07.2013
_l15.07.2013 - от С1,Р / 15.07.2013
999 _d139802